[Event "BL 1718 Speyer-Schwegenheim-Norderstedt"]
[Site "Norderstedt"]
[Date "2018.02.04"]
[Round "8.6"]
[White "Yankelevich, Lev"]
[Black "Parvanyan, Ashot"]
[Result "1-0"]
[WhiteElo "2442"]
[BlackElo "2374"]
[PlyCount "85"]
[EventDate "2018.??.??"]
[EventType "team-tourn"]
[EventRounds "15"]
[EventCountry "GER"]

1. d4 Nf6 2. c4 g6 3. Nc3 Bg7 4. e4 d6 5. h3 O-O 6. Be3 c5 7. Nf3 cxd4 8. Nxd4
b6 9. g3 Bb7 10. Bg2 a6 11. O-O Ra7 12. a4 Nfd7 13. a5 Ra8 14. Qb3 Nc5 15. Qxb6
Qxb6 16. axb6 Bxd4 17. Bxd4 Nb3 18. Rad1 Nxd4 19. Rxd4 Nd7 20. Re1 Nxb6 21. e5
Bxg2 22. Kxg2 dxe5 23. Rxe5 Rfd8 24. Rxd8+ Rxd8 25. c5 Nc8 26. Rd5 Rxd5 27.
Nxd5 e6 28. Nb4 a5 29. Nc6 a4 30. Kf3 Kf8 31. Ke4 f6 32. Kd4 Ke8 33. Kc4 Kd7
34. Kb5 e5 35. Nb8+ Kc7 36. Na6+ Kb7 37. Nb4 f5 38. Kxa4 Ne7 39. Kb5 g5 40. c6+
Kc7 41. Kc5 Ng6 42. Na6+ Kc8 43. b4 1-0

[Event "BL 1718 Speyer-Schwegenheim-Norderstedt"]
[Site "Norderstedt"]
[Date "2018.02.04"]
[Round "8.7"]
[White "Powierski, Emil"]
[Black "Hoolt, Sarah"]
[Result "1-0"]
[WhiteElo "2334"]
[BlackElo "2423"]
[PlyCount "109"]
[EventDate "2018.??.??"]
[EventType "team-tourn"]
[EventRounds "15"]
[EventCountry "GER"]

1. e4 c5 2. Nf3 Nc6 3. d4 cxd4 4. Nxd4 Qb6 5. Nb3 Nf6 6. Nc3 e6 7. a3 Be7 8.
Bf4 e5 9. Be3 Qd8 10. Be2 d6 11. Qd3 O-O 12. O-O Be6 13. Nd5 Ne8 14. f3 f5 15.
c4 f4 16. Bd2 Rf7 17. Rac1 b6 18. Na1 Bh4 19. b4 Qg5 20. Rfd1 Qh5 21. Nb3 Rb8
22. Rb1 Rd7 23. c5 bxc5 24. bxc5 Bd8 25. Qa6 Rdb7 26. Qxc6 Bd7 27. Qa6 Rxb3 28.
Rxb3 Rxb3 29. Bc4 Kh8 30. Bxb3 g5 31. cxd6 g4 32. fxg4 Bxg4 33. d7 Bxd7 34. Bc3
f3 35. Qd3 Bg4 36. Rf1 Qg5 37. Rxf3 Bxf3 38. Qxf3 Qc1+ 39. Qf1 Qxa3 40. Bxe5+
Ng7 41. Qc4 a5 42. Qc3 Qf8 43. Bxg7+ Qxg7 44. Qxg7+ Kxg7 45. Kf2 Kg6 46. Kf3
Kg5 47. g3 Kh5 48. Ba4 Kg6 49. Kf4 Kf7 50. Kf5 Kg7 51. e5 Kf7 52. e6+ Kf8 53.
Ke5 h5 54. Kd6 h4 55. e7+ 1-0

[Event "BL 1718 Speyer-Schwegenheim-Norderstedt"]
[Site "Norderstedt"]
[Date "2018.02.04"]
[Round "8.8"]
[White "Commercon, Simon"]
[Black "Polischuk, Viktor"]
[Result "1/2-1/2"]
[WhiteElo "2255"]
[BlackElo "2302"]
[PlyCount "44"]
[EventDate "2018.??.??"]
[EventType "team-tourn"]
[EventRounds "15"]
[EventCountry "GER"]

1. c4 c5 2. Nf3 Nc6 3. Nc3 g6 4. g3 Bg7 5. Bg2 e5 6. a3 Nge7 7. Rb1 a5 8. d3
O-O 9. O-O d6 10. Nd5 Nxd5 11. cxd5 Nd4 12. Nxd4 exd4 13. b4 cxb4 14. axb4 b5
15. bxa5 Qxa5 16. Bd2 Qb6 17. Qb3 Bd7 18. Rfc1 Rfb8 19. Bb4 Bf8 20. h3 Ra7 21.
Kh2 Rba8 22. Rc2 Bc8 1/2-1/2

[Event "BL 1718 OSG Baden-Baden - Hamburger SK"]
[Site "Norderstedt"]
[Date "2018.02.04"]
[Round "8.2"]
[White "Adams, Michael"]
[Black "Svane, Rasmus"]
[Result "1/2-1/2"]
[WhiteElo "2727"]
[BlackElo "2595"]
[PlyCount "131"]
[EventDate "2018.??.??"]
[EventType "team-tourn"]
[EventRounds "15"]
[EventCountry "GER"]

1. c4 e6 2. g3 d5 3. Bg2 a6 4. b3 dxc4 5. bxc4 Qd4 6. Nc3 Qxc4 7. Nf3 Bd6 8.
Bb2 Nf6 9. O-O e5 10. d4 exd4 11. Nxd4 Be5 12. Nb3 O-O 13. Rc1 Qg4 14. f4 Bxc3
15. Bxc3 Qg6 16. e4 Nxe4 17. Bb4 Qb6+ 18. Qd4 c5 19. Rxc5 Nxc5 20. Bxc5 Qd8 21.
Bxf8 Qxd4+ 22. Nxd4 Kxf8 23. Rb1 Ra7 24. a4 Bd7 25. a5 Nc6 26. Nxc6 Bxc6 27.
Bxc6 bxc6 28. Rb6 c5 29. Kf2 c4 30. Ke3 Rd7 31. Rxa6 Rd3+ 32. Ke4 Ra3 33. f5 c3
34. Kd3 h5 35. Ra7 Ke8 36. a6 Kf8 37. h3 f6 38. Ra8+ Ke7 39. a7 Kf7 40. Kc2
Ra2+ 41. Kxc3 Ra3+ 42. Kd4 Ra4+ 43. Kc5 Ra2 44. Kd5 Ra5+ 45. Kc6 Ra2 46. g4
hxg4 47. hxg4 Ra1 48. Kd5 Ra4 49. Kc5 Ra1 50. Kd4 Ra4+ 51. Ke3 Ra3+ 52. Kf4
Ra4+ 53. Kg3 Ra1 54. g5 fxg5 55. Kg4 Rg1+ 56. Kh5 Rh1+ 57. Kxg5 Rg1+ 58. Kf4
Rf1+ 59. Ke3 Ra1 60. Kd4 Ra2 61. Kc5 Ra1 62. f6 Rc1+ 63. Kb4 Rb1+ 64. Kc3 Ra1
65. Kb3 Ra6 66. Kb4 1/2-1/2

[Event "BL 1718 OSG Baden-Baden - Hamburger SK"]
[Site "Norderstedt"]
[Date "2018.02.04"]
[Round "8.3"]
[White "Huschenbeth, Niclas"]
[Black "Bacrot, Etienne"]
[Result "1/2-1/2"]
[WhiteElo "2596"]
[BlackElo "2723"]
[PlyCount "56"]
[EventDate "2018.??.??"]
[EventType "team-tourn"]
[EventRounds "15"]
[EventCountry "GER"]

1. e4 e5 2. Nf3 Nc6 3. Bc4 Bc5 4. O-O Nf6 5. d3 d6 6. c3 a6 7. Bb3 O-O 8. Nbd2
h6 9. Re1 Be6 10. Bxe6 fxe6 11. Nf1 Qd7 12. b4 Ba7 13. Be3 Bxe3 14. Rxe3 Ne7
15. a4 Kh8 16. Re1 Rf7 17. N1d2 Raf8 18. g3 g5 19. Rf1 Ng6 20. Ne1 Qc6 21. c4
Rg7 22. Nc2 h5 23. Ne3 Nf4 24. Nf3 Nh3+ 25. Kg2 Nf4+ 26. Kh1 Nh3 27. Kg2 Nf4+
28. Kh1 Nh3 1/2-1/2

[Event "BL 1718 OSG Baden-Baden - Hamburger SK"]
[Site "Norderstedt"]
[Date "2018.02.04"]
[Round "8.4"]
[White "Naiditsch, Arkadij"]
[Black "Hansen, Sune Berg"]
[Result "1-0"]
[WhiteElo "2702"]
[BlackElo "2580"]
[PlyCount "61"]
[EventDate "2018.??.??"]
[EventType "team-tourn"]
[EventRounds "15"]
[EventCountry "GER"]

1. e4 e5 2. Nf3 Nc6 3. Bb5 a6 4. Ba4 Nf6 5. d3 d6 6. c3 g6 7. O-O Bg7 8. Re1
O-O 9. Nbd2 Nd7 10. Nf1 Nc5 11. Bxc6 bxc6 12. d4 exd4 13. cxd4 Nd7 14. Bg5 Qe8
15. Rc1 Bb7 16. Ng3 Qe6 17. d5 cxd5 18. Rxc7 Nc5 19. b4 Nxe4 20. Rxb7 Qc8 21.
Re7 Nxg5 22. Nxg5 Bf6 23. Qxd5 Bxe7 24. Rxe7 Qc1+ 25. Nf1 Rac8 26. Rxf7 Qc4 27.
Rxf8+ Kxf8 28. Qxd6+ Kg8 29. Qd7 Qc7 30. Qe6+ Kg7 31. Qh3 1-0

[Event "BL 1718 OSG Baden-Baden - Hamburger SK"]
[Site "Norderstedt"]
[Date "2018.02.04"]
[Round "8.5"]
[White "Kollars, Dmitrij"]
[Black "Movsesian, Sergei"]
[Result "1-0"]
[WhiteElo "2498"]
[BlackElo "2671"]
[PlyCount "51"]
[EventDate "2018.??.??"]
[EventType "team-tourn"]
[EventRounds "15"]
[EventCountry "GER"]

1. e4 c5 2. Nf3 e6 3. d4 cxd4 4. Nxd4 a6 5. c4 Nf6 6. Nc3 Qc7 7. Be2 b6 8. O-O
Bb7 9. Qd3 d6 10. f4 Nbd7 11. b4 d5 12. exd5 Bxb4 13. dxe6 Nc5 14. exf7+ Kxf7
15. Qh3 Rad8 16. Nd5 Nxd5 17. cxd5 Bxd5 18. Nc2 Ba5 19. Ne3 Ne4 20. Bb2 Bd2 21.
Bh5+ Kg8 22. Nxd5 Qc5+ 23. Kh1 Qxd5 24. Rad1 Qxa2 25. Rxd2 Nxd2 26. Qc3 1-0

[Event "BL 1718 OSG Baden-Baden - Hamburger SK"]
[Site "Norderstedt"]
[Date "2018.02.04"]
[Round "8.7"]
[White "Rogozenco, Dorian"]
[Black "Gustafsson, Jan"]
[Result "0-1"]
[WhiteElo "2472"]
[BlackElo "2640"]
[PlyCount "106"]
[EventDate "2018.??.??"]
[EventType "team-tourn"]
[EventRounds "15"]
[EventCountry "GER"]

1. d4 d5 2. c4 c6 3. Nf3 Nf6 4. Nc3 dxc4 5. a4 e6 6. e3 c5 7. Bxc4 cxd4 8. exd4
Nc6 9. O-O Be7 10. Qe2 O-O 11. Rd1 Nb4 12. Ne5 b6 13. Ne4 Bb7 14. Ng5 Bd5 15.
b3 Rc8 16. Bb2 Nd7 17. Ngf3 Nxe5 18. Nxe5 Bd6 19. Rac1 Qg5 20. g3 Qe7 21. Ba3
Ba8 22. Bxb4 Bxb4 23. Ba6 Rc7 24. Qe3 Ba3 25. Rc3 Rd8 26. Rb1 Rxc3 27. Qxc3 Bb4
28. Qc4 Qd6 29. Rc1 Ba3 30. Rc2 Be4 31. Re2 Qxe5 32. f3 Rxd4 33. Rxe4 Rd1+ 34.
Kg2 Qb2+ 35. Re2 Qb1 36. Rc2 Bc5 37. Qe4 g6 38. Bc4 Re1 39. Qd3 Qa1 40. Qc3 Qb1
41. Qd2 Rg1+ 42. Kh3 Rd1 43. Qe2 a5 44. Rd2 Re1 45. Qd3 Qa1 46. Re2 Rd1 47. Rd2
Rg1 48. Qd8+ Kg7 49. f4 Qe1 50. Qd3 Bf2 51. Qe2 Rxg3+ 52. Kh4 Rg2+ 53. Kh3
Rxh2+ 0-1

[Event "BL 1718 OSG Baden-Baden - Hamburger SK"]
[Site "Norderstedt"]
[Date "2018.02.04"]
[Round "8.8"]
[White "Nielsen, Peter Heine"]
[Black "Carlstedt, Jonathan"]
[Result "1/2-1/2"]
[WhiteElo "2639"]
[BlackElo "2413"]
[PlyCount "94"]
[EventDate "2018.??.??"]
[EventType "team-tourn"]
[EventRounds "15"]
[EventCountry "GER"]

1. d4 Nf6 2. Nf3 e6 3. Bf4 c5 4. e3 Nc6 5. c3 Nh5 6. Bg5 Be7 7. Bxe7 Qxe7 8.
Bd3 d6 9. O-O g6 10. Nbd2 O-O 11. Re1 e5 12. dxe5 dxe5 13. Qc2 Bd7 14. Bf1 Rae8
15. e4 Nf4 16. Nc4 Rc8 17. Qd2 Rcd8 18. Qe3 f6 19. a3 Be6 20. b4 b5 21. Ncd2 c4
22. a4 Nd3 23. Reb1 a6 24. axb5 axb5 25. Ra6 Nb8 26. Rb6 Bd7 27. Rb7 Qd6 28.
Qa7 Rf7 29. Ra1 Rdf8 30. Qe3 Bc6 31. Rxf7 Rxf7 32. h4 h5 33. g3 Kg7 34. Ra7 Nb2
35. Rxf7+ Kxf7 36. Qa7+ Nd7 37. Qa6 Ke7 38. Qa7 Qb8 39. Qa3 Na4 40. Nxc4 bxc4
41. b5+ Ndc5 42. bxc6 Qb3 43. Qc1 Qxc3 44. Qd1 Nb6 45. c7 Ne6 46. Nd2 Nxc7 47.
Qe2 Ne6 1/2-1/2

[Event "BL 1718 SG Solingen - SV Mülheim Nord"]
[Site "?"]
[Date "2018.02.04"]
[Round "8.1"]
[White "Landa, Konstantin"]
[Black "Harikrishna, Pentala"]
[Result "1/2-1/2"]
[WhiteElo "2604"]
[BlackElo "2745"]
[PlyCount "161"]
[EventDate "2018.??.??"]
[EventType "team-tourn"]

1. Nf3 d5 2. g3 g6 3. Bg2 Bg7 4. d4 Nf6 5. O-O c6 6. b3 c5 7. Bb2 cxd4 8. Nxd4
e5 9. Nb5 a6 10. N5c3 d4 11. Na4 O-O 12. c3 Nh5 13. cxd4 exd4 14. Nd2 Nc6 15.
Re1 Bg4 16. Nc4 b5 17. Bxc6 Rc8 18. Bb7 Rc7 19. Bxa6 bxa4 20. Ba3 Re8 21. Bb5
Re6 22. Qd3 axb3 23. axb3 Rb7 24. Ba4 Qb8 25. Rad1 h6 26. Bc5 Bf5 27. Qd2 Rxb3
28. Bxb3 Qxb3 29. Rc1 d3 30. exd3 Ra6 31. Rb1 Qa4 32. Rb8+ Kh7 33. Nd6 Be6 34.
Qb4 Qc2 35. Bd4 Ra4 36. Qb2 Qxd3 37. Bxg7 Nxg7 38. Ne8 Nxe8 39. Rxe8 Qd4 40.
Qxd4 Rxd4 41. Kg2 Bd5+ 42. f3 h5 43. Kf2 Ra4 44. R8e5 Be6 45. Kg2 Bc4 46. h3
Ra2+ 47. Kg1 Kg7 48. g4 hxg4 49. hxg4 Rd2 50. R1e4 Bd5 51. Rf4 Be6 52. Kf1 Rc2
53. Ke1 Ra2 54. Re2 Rxe2+ 55. Kxe2 f6 56. Rd4 g5 57. Rd6 Kf7 58. Kd3 Ke7 59.
Ra6 Kf7 60. Kd4 Ke7 61. Ra7+ Kf8 62. Kc5 Bb3 63. Kd6 Bc4 64. Rc7 Bb3 65. Rb7
Bc4 66. Rb4 Ba2 67. Rb8+ Kf7 68. Rb7+ Kf8 69. Rb4 Kf7 70. Rb8 Bc4 71. Rb7+ Kf8
72. Rb4 Ba2 73. f4 gxf4 74. Rxf4 Kg7 75. Ke7 Kg6 76. Rxf6+ Kg5 77. Rf2 Bb3 78.
Rg2 Bd1 79. Ke6 Bxg4+ 80. Ke5 Kh5 81. Rxg4 1/2-1/2

[Event "BL 1718 SG Solingen - SV Mülheim Nord"]
[Site "?"]
[Date "2018.02.04"]
[Round "8.2"]
[White "Ragger, Markus"]
[Black "Zelbel, Patrick"]
[Result "1-0"]
[WhiteElo "2666"]
[BlackElo "2441"]
[PlyCount "103"]
[EventDate "2018.??.??"]
[EventType "team-tourn"]

1. e4 e5 2. Nf3 Nc6 3. Bc4 Nf6 4. d3 Bc5 5. O-O O-O 6. a4 a6 7. c3 d5 8. exd5
Nxd5 9. Re1 Bg4 10. h3 Bh5 11. Nbd2 f6 12. a5 Bf7 13. Ne4 Ba7 14. Qb3 Qd7 15.
Bd2 Kh8 16. d4 Bg8 17. Red1 Nce7 18. Be1 c6 19. Nc5 Bxc5 20. dxc5 Qc7 21. Nd2
f5 22. Qc2 e4 23. Bf1 Ng6 24. Nc4 Qe7 25. Nd6 Nh4 26. c4 Nf4 27. Ra3 Ne6 28. b4
Ng5 29. Rg3 Be6 30. Ra3 Ng6 31. Qe2 f4 32. Qh5 f3 33. g3 Nf7 34. Nxe4 Nfe5 35.
Ng5 Bg8 36. Nxf3 Nxc4 37. Rc3 Nce5 38. Nxe5 Qxe5 39. Qxe5 Nxe5 40. f4 Ng6 41.
Rd7 Rae8 42. Rc1 Re7 43. Rcd1 Bd5 44. Rxe7 Nxe7 45. Bc3 h5 46. Re1 Nf5 47. Bd3
Kg8 48. Kf2 g6 49. Re5 Rf7 50. g4 hxg4 51. hxg4 Nh6 52. Kg3 1-0

[Event "BL 1718 SG Solingen - SV Mülheim Nord"]
[Site "?"]
[Date "2018.02.04"]
[Round "8.3"]
[White "Hausrath, Daniel"]
[Black "Van Wely, Loek"]
[Result "0-1"]
[WhiteElo "2499"]
[BlackElo "2656"]
[PlyCount "76"]
[EventDate "2018.??.??"]
[EventType "team-tourn"]

1. Nf3 d5 2. g3 c6 3. Bg2 Bf5 4. c4 e6 5. Qb3 Qb6 6. d3 Nd7 7. Be3 Bc5 8. Bxc5
Nxc5 9. Qxb6 axb6 10. Nc3 Ne7 11. O-O O-O 12. Nd4 Rfd8 13. cxd5 exd5 14. Rfc1
Ne6 15. Nb3 Bg6 16. Re1 Nf5 17. a3 Nc5 18. Nxc5 bxc5 19. Rac1 Nd4 20. h3 Nb3
21. Rcd1 b5 22. e4 d4 23. Ne2 c4 24. Nf4 c3 25. Re2 c5 26. e5 Rab8 27. e6 fxe6
28. Nxe6 Rd6 29. Nf4 Bf7 30. h4 b4 31. axb4 cxb4 32. Rde1 Rc8 33. Rc2 Nc5 34.
Re7 b3 35. Rce2 Na4 36. Re1 cxb2 37. Kh2 Nc3 38. Bh3 Rf8 0-1

[Event "BL 1718 SG Solingen - SV Mülheim Nord"]
[Site "?"]
[Date "2018.02.04"]
[Round "8.4"]
[White "Bok, Benjamin"]
[Black "Saltaev, Mihail"]
[Result "1-0"]
[WhiteElo "2613"]
[BlackElo "2471"]
[PlyCount "63"]
[EventDate "2018.??.??"]
[EventType "team-tourn"]

1. e4 c6 2. d4 d5 3. e5 Bf5 4. Nf3 e6 5. Be2 c5 6. Be3 Qb6 7. Nc3 Nc6 8. Na4
Qa5+ 9. c3 cxd4 10. Nxd4 Nxd4 11. Bxd4 Ne7 12. b4 Qc7 13. O-O Nc6 14. Rc1 Be7
15. b5 Nxd4 16. cxd4 Qa5 17. Nc5 O-O 18. Nxb7 Qxa2 19. Bd3 Bxd3 20. Qxd3 Rfc8
21. Rc6 a5 22. Rfc1 Rcb8 23. Nd6 a4 24. Rb1 Bd8 25. b6 Bxb6 26. Rcxb6 Rxb6 27.
Rxb6 a3 28. g3 h6 29. Kg2 Qa1 30. Rb1 Qa2 31. Rb7 Qa1 32. Rxf7 1-0

[Event "BL 1718 SG Solingen - SV Mülheim Nord"]
[Site "?"]
[Date "2018.02.04"]
[Round "8.5"]
[White "Vrolijk, Liam"]
[Black "Smeets, Jan"]
[Result "1/2-1/2"]
[WhiteElo "2427"]
[BlackElo "2608"]
[PlyCount "67"]
[EventDate "2018.??.??"]
[EventType "team-tourn"]

1. d4 d5 2. c4 c6 3. Nf3 Nf6 4. Nc3 a6 5. c5 g6 6. Bf4 Nh5 7. Bd2 Nf6 8. Bf4
Bg7 9. h3 O-O 10. e3 b6 11. cxb6 Qxb6 12. Qb3 Qa7 13. Be2 Nfd7 14. O-O a5 15.
Rac1 Ba6 16. Bxa6 Nxa6 17. Na4 Rfc8 18. a3 e6 19. Qc3 Qb7 20. Qxa5 Nab8 21. Nc5
Nxc5 22. Qxc5 Qxb2 23. Rb1 Qe2 24. Rxb8 Raxb8 25. Bxb8 Rxb8 26. Qxc6 Bf6 27. a4
Rb2 28. Ne5 Bxe5 29. dxe5 Ra2 30. Qe8+ Kg7 31. Qd8 Qb2 32. Qf6+ Kg8 33. Qf4 Qc2
34. Qg5 1/2-1/2

[Event "BL 1718 SG Solingen - SV Mülheim Nord"]
[Site "?"]
[Date "2018.02.04"]
[Round "8.6"]
[White "L'Ami, Erwin"]
[Black "Dinstuhl, Volkmar"]
[Result "1-0"]
[WhiteElo "2625"]
[BlackElo "2386"]
[PlyCount "53"]
[EventDate "2018.??.??"]
[EventType "team-tourn"]

1. d4 d5 2. c4 e6 3. Nf3 Nf6 4. Nc3 Bb4 5. Bg5 dxc4 6. e4 b5 7. a4 c5 8. axb5
cxd4 9. Nxd4 O-O 10. Bxc4 Qc7 11. Bxf6 Qxc4 12. Qg4 Bxc3+ 13. bxc3 g6 14. Qe2
Qxc3+ 15. Qd2 Qxd2+ 16. Kxd2 Bb7 17. Rhc1 Nd7 18. e5 Nxf6 19. exf6 Bxg2 20. Rc7
Bd5 21. Raxa7 Rxa7 22. Rxa7 g5 23. Nc6 Bg2 24. Ne5 Bd5 25. b6 h6 26. Rc7 Rb8
27. Rxf7 1-0

[Event "BL 1718 SG Solingen - SV Mülheim Nord"]
[Site "?"]
[Date "2018.02.04"]
[Round "8.7"]
[White "Rezasade, Amir"]
[Black "Andersen, Mads"]
[Result "1/2-1/2"]
[WhiteElo "2354"]
[BlackElo "2606"]
[PlyCount "105"]
[EventDate "2018.??.??"]
[EventType "team-tourn"]

1. c4 g6 2. Nc3 Bg7 3. d4 Nf6 4. e4 d6 5. Nge2 Nbd7 6. f3 e5 7. d5 h5 8. Bg5
Bh6 9. Bxh6 Rxh6 10. Qd2 Rh8 11. h4 a5 12. Ng3 Nc5 13. Be2 Bd7 14. Rd1 Qe7 15.
Nf1 Qf8 16. Qg5 Nh7 17. Qe3 Nf6 18. b3 Qh6 19. Rb1 Ke7 20. Qxh6 Rxh6 21. Ne3
Rhh8 22. a3 Rhc8 23. b4 axb4 24. axb4 Na4 25. Kd2 Nxc3 26. Kxc3 c6 27. Ra1 cxd5
28. exd5 Ne8 29. Kb2 b6 30. b5 Kd8 31. Nc2 Kc7 32. Nb4 Ng7 33. g4 Kb7 34. Nc6
Rh8 35. Rxa8 Rxa8 36. Rf1 Kc7 37. Bd3 Re8 38. Ra1 Bc8 39. Kc3 Bb7 40. Rf1 Bc8
41. Bc2 Rh8 42. g5 Re8 43. Be4 Bh3 44. Rh1 Bd7 45. Ra1 Bc8 46. Ra7+ Bb7 47. Ra2
Bc8 48. Rf2 Bd7 49. Ra2 Bc8 50. Ra7+ Bb7 51. Ra1 Bc8 52. Bd3 Bb7 53. Be4
1/2-1/2

[Event "BL 1718 SG Solingen - SV Mülheim Nord"]
[Site "?"]
[Date "2018.02.04"]
[Round "8.8"]
[White "Nikolic, Predrag"]
[Black "Buckels, Valentin"]
[Result "1-0"]
[WhiteElo "2591"]
[BlackElo "2335"]
[PlyCount "107"]
[EventDate "2018.??.??"]
[EventType "team-tourn"]

1. d4 Nf6 2. c4 e6 3. Nf3 Bb4+ 4. Bd2 c5 5. Bxb4 cxb4 6. g3 b6 7. Bg2 Bb7 8.
O-O O-O 9. a3 bxa3 10. Nxa3 a5 11. Ne1 Bxg2 12. Nxg2 d5 13. cxd5 exd5 14. Rc1
Na6 15. Nf4 Qe7 16. Qb3 Nb4 17. Nc2 Nxc2 18. Rxc2 Qe4 19. Rc6 b5 20. e3 b4 21.
Rc5 Rfb8 22. Qa4 g5 23. Ng2 b3 24. Rxa5 Rxa5 25. Qxa5 Qc2 26. Ne1 Qe2 27. Qc7
Re8 28. Qc3 Ne4 29. Qd3 Qxb2 30. Qb5 Rd8 31. Nd3 Qe2 32. Qb6 Rd6 33. Qb8+ Kg7
34. Nc1 Qf3 35. Qxb3 Qh5 36. Qc2 g4 37. h4 gxh3 38. Qe2 Qg5 39. Kh2 Rg6 40. Rg1
h5 41. Nd3 h4 42. g4 Qf6 43. Nf4 Qd6 44. Kxh3 Rg5 45. Nh5+ Kh6 46. f3 Rxh5 47.
fxe4 Rg5 48. e5 Qe6 49. Rf1 Kg7 50. Rf6 Qd7 51. Qf3 Rg6 52. Rxg6+ Kxg6 53. Qf6+
Kh7 54. Qf5+ 1-0

[Event "BL 1718 DJK Aachen - SV Werder Bremen"]
[Site "?"]
[Date "2018.02.04"]
[Round "8.1"]
[White "Areshchenko, Alexander"]
[Black "Iturrizaga Bonelli, Eduardo"]
[Result "1-0"]
[WhiteElo "2645"]
[BlackElo "2650"]
[PlyCount "75"]
[EventDate "2018.??.??"]
[EventType "team-tourn"]

1. e4 c6 2. d4 d5 3. e5 Bf5 4. Nf3 e6 5. Be2 Nd7 6. O-O Bb4 7. Nbd2 Ba5 8. c4
h6 9. Qb3 Rb8 10. Qa3 Ne7 11. cxd5 cxd5 12. Nb3 Bb6 13. Bd2 Be4 14. Bb4 Nc6 15.
Bd6 Bxf3 16. Bxf3 Bxd4 17. Nxd4 Nxd4 18. Qd3 Nc6 19. Rfe1 Rc8 20. Rad1 Nb6 21.
b3 Qd7 22. Qd2 Rd8 23. a4 Nc8 24. Ba3 N8e7 25. b4 Ng6 26. b5 Ncxe5 27. Be2 Rc8
28. Qd4 Nc4 29. Bb4 Nd6 30. Qxg7 Nf5 31. Qb2 Rg8 32. g3 Kd8 33. b6 axb6 34. Bb5
Rc6 35. a5 d4 36. Bxc6 Qxc6 37. Rc1 Qd7 38. axb6 1-0

[Event "BL 1718 DJK Aachen - SV Werder Bremen"]
[Site "?"]
[Date "2018.02.04"]
[Round "8.3"]
[White "Fressinet, Laurent"]
[Black "Parligras, Mircea Emilian"]
[Result "1-0"]
[WhiteElo "2662"]
[BlackElo "2638"]
[PlyCount "125"]
[EventDate "2018.??.??"]
[EventType "team-tourn"]

1. e4 e5 2. Nf3 Nc6 3. Bb5 Nf6 4. d3 Bc5 5. Bg5 h6 6. Bh4 d6 7. c3 Bd7 8. Nbd2
a6 9. Bxc6 Bxc6 10. Nc4 g5 11. Bg3 Nh5 12. Na5 O-O 13. O-O Nxg3 14. hxg3 Qd7
15. Nxc6 Qxc6 16. g4 Qd7 17. Nd2 Kg7 18. Re1 h5 19. gxh5 f5 20. d4 exd4 21. Nb3
fxe4 22. cxd4 Qf5 23. Qc2 Bb6 24. Rxe4 Rae8 25. Rae1 Rf7 26. R1e2 Rxe4 27. Qxe4
g4 28. Qxf5 Rxf5 29. Re4 Rg5 30. a4 Kh6 31. Kf1 Kxh5 32. Ke2 Rd5 33. Kd3 Kg5
34. Re8 Rf5 35. Rg8+ Kf6 36. Rf8+ Ke6 37. Rxf5 Kxf5 38. a5 Ba7 39. Nd2 b6 40.
Nc4 bxa5 41. Nxa5 c5 42. d5 c4+ 43. Nxc4 Bc5 44. f3 gxf3 45. gxf3 Kf4 46. Kc3
Kxf3 47. b4 Bf2 48. Nxd6 Kf4 49. Nb7 Ke5 50. Kc4 Be1 51. Nc5 Kd6 52. Nxa6 Bd2
53. b5 Be3 54. Nb4 Bf2 55. Nd3 Be3 56. Nb2 Bb6 57. Na4 Bf2 58. b6 Bg1 59. b7
Kc7 60. Nc5 Bh2 61. Kb5 Bd6 62. Ne4 Be5 63. Ka6 1-0

[Event "BL 1718 DJK Aachen - SV Werder Bremen"]
[Site "?"]
[Date "2018.02.04"]
[Round "8.4"]
[White "Bindrich, Falko"]
[Black "McShane, Luke J"]
[Result "0-1"]
[WhiteElo "2604"]
[BlackElo "2643"]
[PlyCount "150"]
[EventDate "2018.??.??"]
[EventType "team-tourn"]

1. Nf3 c5 2. c4 Nc6 3. d4 cxd4 4. Nxd4 g6 5. e4 Nf6 6. Nc3 Nxd4 7. Qxd4 d6 8.
Bg5 Bg7 9. Qd2 O-O 10. Bd3 a5 11. a4 Be6 12. b3 Nd7 13. O-O Qb6 14. Rab1 Qb4
15. Rfc1 Nc5 16. Qc2 Bxc3 17. Qxc3 f6 18. Bh6 Qxc3 19. Rxc3 Rfc8 20. h4 Nxd3
21. Rxd3 Rc5 22. Be3 Rc6 23. Re1 Kg7 24. f4 Kf7 25. Bf2 Rcc8 26. Red1 Bd7 27.
Bg3 Bc6 28. e5 dxe5 29. fxe5 f5 30. Bf4 Rh8 31. Bh6 Ke6 32. R1d2 Rag8 33. Bf4
h6 34. Rg3 Rh7 35. Re2 Be4 36. Ree3 Kf7 37. Re2 Rhh8 38. Bd2 Ke6 39. Bxa5 g5
40. h5 f4 41. Rc3 Bc6 42. Re1 g4 43. b4 Ra8 44. Bb6 Rxa4 45. b5 Be8 46. Rf1 Rg8
47. Rxf4 Bxb5 48. Kh2 Be8 49. Kg3 Bxh5 50. Be3 Be8 51. Rxg4 Rxg4+ 52. Kxg4 Bb5
53. Bxh6 Bxc4 54. Bf8 Bd5+ 55. Kh5 Ra8 56. Bg7 Bxg2 57. Rc7 Be4 58. Bh6 Rg8 59.
Kh4 Rh8 60. Kg5 Bc6 61. Kg6 Rg8+ 62. Kh5 Bf3+ 63. Kh4 Bc6 64. Bg5 Rg7 65. Kg4
Bd5 66. Kf4 b5 67. Ra7 Bc4 68. Ra6+ Kd5 69. Ra7 Rxg5 70. Kxg5 e6 71. Kf4 Kd4
72. Rb7 Kc3 73. Ke3 b4 74. Ra7 b3 75. Ra3 Kb4 0-1

[Event "BL 1718 DJK Aachen - SV Werder Bremen"]
[Site "?"]
[Date "2018.02.04"]
[Round "8.5"]
[White "Efimenko, Zahar"]
[Black "Nijboer, Friso"]
[Result "1-0"]
[WhiteElo "2636"]
[BlackElo "2510"]
[PlyCount "73"]
[EventDate "2018.??.??"]
[EventType "team-tourn"]

1. e4 c5 2. Nf3 d6 3. d4 cxd4 4. Nxd4 Nf6 5. Nc3 a6 6. Be2 e5 7. Nb3 Be7 8. Be3
Be6 9. Nd5 Nbd7 10. Qd3 Bxd5 11. exd5 Rc8 12. c4 O-O 13. O-O Ne8 14. Rac1 g6
15. Qd2 Ng7 16. Na5 Qc7 17. Bd3 f5 18. f3 e4 19. fxe4 Ne5 20. b4 b6 21. Nc6
Nxc6 22. dxc6 Qxc6 23. b5 axb5 24. cxb5 Qb7 25. Rxc8 Rxc8 26. exf5 Nxf5 27.
Bxf5 gxf5 28. Rxf5 Qe4 29. Qd5+ Qxd5 30. Rxd5 Rb8 31. Kf2 Kf7 32. Kf3 Bf8 33.
Rh5 Kg6 34. g4 Bg7 35. Ke4 Re8+ 36. Kd3 Be5 37. Kc4 1-0

[Event "BL 1718 DJK Aachen - SV Werder Bremen"]
[Site "?"]
[Date "2018.02.04"]
[Round "8.6"]
[White "van Foreest, Lucas"]
[Black "Edouard, Romain"]
[Result "0-1"]
[WhiteElo "2485"]
[BlackElo "2613"]
[PlyCount "74"]
[EventDate "2018.??.??"]
[EventType "team-tourn"]

1. e4 c5 2. Nf3 Nc6 3. Bb5 e6 4. Bxc6 bxc6 5. b3 f6 6. Bb2 Nh6 7. c4 e5 8. Nc3
d6 9. Ne2 Nf7 10. O-O g5 11. Ne1 h5 12. Nc2 g4 13. Ng3 h4 14. Nf5 Bxf5 15. exf5
Nh6 16. b4 Qd7 17. bxc5 dxc5 18. Ne3 Rg8 19. Qc2 Kf7 20. Bc3 Rg5 21. Rab1 Nxf5
22. Nxf5 Qxf5 23. Rb7+ Kg6 24. Qxf5+ Rxf5 25. Rfb1 Rf4 26. Rb8 Rxb8 27. Rxb8
Kf7 28. d3 h3 29. Rb7+ Ke6 30. Rxa7 hxg2 31. Ra3 Rf3 32. Bb2 Bh6 33. Rb3 Bd2
34. Ba3 Kd6 35. Kxg2 Be1 36. Bb2 Rxf2+ 37. Kg1 Rc2 0-1

[Event "BL 1718 DJK Aachen - SV Werder Bremen"]
[Site "?"]
[Date "2018.02.04"]
[Round "8.7"]
[White "Markgraf, Rolf-Alexander"]
[Black "Zaragatski, Ilja"]
[Result "1/2-1/2"]
[WhiteElo "2514"]
[BlackElo "2495"]
[PlyCount "88"]
[EventDate "2018.??.??"]
[EventType "team-tourn"]

1. e4 c5 2. Nf3 e6 3. d4 cxd4 4. Nxd4 Nc6 5. Nc3 Qc7 6. Be3 a6 7. Qd2 Nf6 8.
O-O-O b5 9. Bf4 Qb6 10. Nb3 Bb4 11. f3 O-O 12. g4 Rd8 13. g5 Ne8 14. h4 Bb7 15.
g6 d5 16. gxf7+ Kxf7 17. exd5 Rxd5 18. Bd3 a5 19. Qe2 Bxc3 20. bxc3 Nf6 21.
Rhe1 Re8 22. Be3 Qc7 23. Bxb5 Rxd1+ 24. Rxd1 Nd5 25. Bd2 a4 26. Nc5 Ba8 27. Ne4
Qe7 28. Kb1 Rb8 29. Ka1 a3 30. Bg5 Qc7 31. Bc1 Ne5 32. Bd2 Kg8 33. f4 Nxf4 34.
Bxf4 Bxe4 35. c4 Rxb5 36. Qxe4 Qxc4 37. Qa8+ Kf7 38. Qa7+ Kf6 39. Bg5+ Kg6 40.
Qxa3 Qxc2 41. Rg1 Ng4 42. Be3 h5 43. Bd4 Qe4 44. Bxg7 Kxg7 1/2-1/2